[Event "XXVII OOM - Mistrzostwa Polski Juniorow Mlodszych - Dziewczeta do lat 14"]
[Site "ApartHotel Termy Uniejow, ul. Termalna 1, 99-210 Uniejow"]
[Date "1899-12-30"]
[Round "1.22"]
[White "Pietryk, Joanna"]
[Black "Reszka, Barbara"]
[Result "1-0"]
[WhiteTitle "I"]
[BlackTitle "II+"]
[WhiteElo "1385"]
[BlackElo "1095"]

1. e4 c5 2. Nf3 e6 3. d4 cxd4 4. Nxd4 a6 5. Nc3 b5 6. Be3 Bb7 7. Bd3 Qc7 8. O-O
Nf6 9. f3 d6 10. Qe1 Be7 11. Qg3 O-O 12. Kh1 Re8 13. Rad1 Nbd7 14. Nce2 Nc5 15.
Nf4 e5 16. Nf5 g6 17. Nxe7+ Rxe7 18. Nh3 Nxd3 19. cxd3 d5 20. Rc1 Qd7 21. Qh4
Re6 22. Bg5 Qd6 23. f4 Nh5 24. f5 Ree8 25. f6 dxe4 26. dxe4 Qd4 27. Rce1 Qb4 28.
Kg1 Rac8 29. g4 Nf4 30. Bxf4 exf4 31. Ng5 Qd4+ 32. Rf2 Qxf6 33. Qxh7+ Kf8 34.
Qh6+ Ke7 35. e5 Qc6 36. Ne4 Rh8 37. Qxf4 Rh7 38. Qf6+ Qxf6 39. exf6+ Kf8 40. Nd6
Rb8 41. Nxb7 Rxb7 42. Rfe2 Rb8 43. Kg2 g5 44. Re5 Rh6 45. Rxg5 Rxf6 46. h4 Rg6
47. Rxg6 fxg6 48. Re6 Kf7 49. Rxa6 b4 50. Ra4 Kf6 51. Kf3 Rb5 52. Ra6+ Kf7 53.
g5 Rf5+ 54. Kg4 Rf2 55. Rf6+ Rxf6 56. gxf6 Kxf6 57. a4 bxa3 58. bxa3 Ke6 59. Kg5
Kf7 60. a4 1-0

[Event "XXVII OOM - Mistrzostwa Polski Juniorow Mlodszych - Dziewczeta do lat 14"]
[Site "ApartHotel Termy Uniejow, ul. Termalna 1, 99-210 Uniejow"]
[Date "1899-12-30"]
[Round "1.23"]
[White "Bromirska, Roksana"]
[Black "Giemza, Julia"]
[Result "0-1"]
[WhiteTitle "II"]
[BlackTitle "I"]
[WhiteElo "1088"]
[BlackElo "1375"]

1. e4 c5 2. Nf3 e6 3. c3 Nf6 4. Bd3 d5 5. exd5 Qxd5 6. Bc2 Nc6 7. O-O Be7 8. d4
b6 9. dxc5 Bxc5 10. Qxd5 Nxd5 11. Nbd2 Bb7 12. Nb3 Be7 13. Nbd4 O-O 14. Be3 Nxe3
15. fxe3 Na5 16. Bb3 Nxb3 17. axb3 a6 18. Ne5 b5 19. c4 bxc4 20. bxc4 Bg5 21.
Ra3 Rac8 22. Rc3 Rc7 23. Nef3 Bf6 24. Rc2 Be4 25. Rcc1 e5 26. Ne2 Rb8 27. Ng3
Bd3 28. Rf2 Rxc4 29. Rd1 e4 30. Ne1 Rxb2 31. Nxd3 exd3 32. Rxd3 Rb8 33. Ra2 Rc6
34. e4 Bd8 35. Rad2 Bb6+ 36. Kf1 a5 37. Ne2 g6 38. Nc3 Rbc8 39. Nd5 Bd8 40. Nf4
Bg5 41. g3 Rc4 42. Re3 a4 43. h4 Bh6 44. Ra2 Ra8 45. Ree2 Ra6 46. Nd3 Bf8 47.
Nb2 Rd4 48. Re3 a3 49. Nd3 Re6 50. Nf2 Rc4 51. Re1 Rc3 52. g4 Bc5 53. Kg2 Kf8
54. Nd1 Rc4 55. Rae2 Bb4 56. Rf1 Rexe4 57. Rxe4 Rxe4 58. Kf3 Rd4 59. Nf2 Rd2 60.
Ne4 Rc2 61. Rb1 a2 62. Rxb4 a1=Q 63. Rb8+ Kg7 64. Kf4 Rc4 65. Re8 Qc1+ 66. Ke5
Rxe4+ 67. Kxe4 Qe1+ 68. Kd4 0-1

[Event "XXVII OOM - Mistrzostwa Polski Juniorow Mlodszych - Dziewczeta do lat 14"]
[Site "ApartHotel Termy Uniejow, ul. Termalna 1, 99-210 Uniejow"]
[Date "1899-12-30"]
[Round "1.24"]
[White "Nowak, Zuzanna"]
[Black "Semeradt, Michalina"]
[Result "1-0"]
[WhiteTitle "I"]
[BlackTitle "I"]
[WhiteElo "1353"]
[BlackElo "1065"]

1. e4 e5 2. Nf3 Nc6 3. Bb5 a6 4. Ba4 Nf6 5. Qe2 d6 6. c3 Bg4 7. h3 Bxf3 8. Qxf3
b5 9. Bb3 Be7 10. O-O O-O 11. Rd1 Na5 12. Bc2 c5 13. d4 cxd4 14. cxd4 exd4 15.
Rxd4 Qc7 16. Qe2 Rac8 17. Nc3 Nc6 18. Rd1 Rfe8 19. Bf4 Bf8 20. Rac1 Qb8 21. a3
Rcd8 22. Bb1 Qb7 23. Qc2 g6 24. Bg5 Be7 25. Bxf6 Bxf6 26. Nd5 Rc8 27. Nxf6+ Kf8
28. Nxe8 Kxe8 29. Rxd6 Ne7 30. Qd2 Rb8 31. Rd1 Qc8 32. Qd4 Kf8 33. Rd8+ Qxd8 34.
Qxd8+ Rxd8 35. Rxd8+ Kg7 36. Rd7 Nc6 37. Rd6 Ne5 38. Rxa6 Nc4 39. b3 Ne5 40. f4
Nd7 41. b4 Nf6 42. Rb6 Nh5 43. Rxb5 Nxf4 44. a4 Ne2+ 45. Kf2 Nc3 46. Rc5 Nxa4
47. Rc6 h6 48. b5 h5 49. Bc2 Nb2 50. b6 Kf8 51. b7 Kg7 52. b8=Q Kh7 53. Qxb2 h4
54. Rc8 Kh6 55. Qf6 Kh5 56. Rh8# 1-0

[Event "XXVII OOM - Mistrzostwa Polski Juniorow Mlodszych - Dziewczeta do lat 14"]
[Site "ApartHotel Termy Uniejow, ul. Termalna 1, 99-210 Uniejow"]
[Date "1899-12-30"]
[Round "1.25"]
[White "Brelinska, Marcelina"]
[Black "Romejko, Jagoda"]
[Result "0-1"]
[WhiteTitle "II"]
[BlackTitle "I"]
[WhiteElo "1057"]
[BlackElo "1350"]

1. e4 d5 2. exd5 Qxd5 3. Nc3 Qd6 4. h3 Nf6 5. Nf3 c6 6. Bc4 Bf5 7. d3 e6 8. a3
Be7 9. Be3 Nbd7 10. Qe2 Nb6 11. Bb3 Nbd5 12. Nxd5 Nxd5 13. Bd2 Bf6 14. Rb1 Rd8
15. O-O O-O 16. Rfe1 Nf4 17. Bxf4 Qxf4 18. Qe3 Qxe3 19. Rxe3 Rfe8 20. Ree1 h6
21. Bc4 b5 22. Bb3 e5 23. Ba2 e4 24. dxe4 Bxe4 25. Bb3 c5 26. Re2 c4 27. Ba2 Bxf3
28. Rxe8+ Rxe8 29. gxf3 Re2 30. c3 Bxc3 31. bxc3 Rxa2 32. Rxb5 Rxa3 33. Rb7 a5
34. Ra7 Rxc3 35. Rxa5 Rxf3 36. Kg2 Rc3 37. Rc5 Rc1 38. Rc8+ Kh7 39. Rc7 Kg6 40.
Rc6+ f6 41. Rc5 c3 42. f3 Rc2+ 43. Kg3 Rc1 44. Kg2 c2 45. Rc4 f5 46. Rc6+ Kg5
47. Rc4 g6 48. Rc3 Kh5 49. Rc5 g5 50. Rc4 g4 51. hxg4+ fxg4 52. fxg4+ Kh4 53.
Kh2 Kg5 54. Kg2 h5 55. gxh5 Kxh5 56. Kh2 Kg5 57. Kg2 Kf5 58. Kh2 Ke5 59. Kg2 Kd5
60. Rc3 Kd4 61. Rc6 Kd3 62. Kf2 Rh1 63. Rd6+ Ke4 64. Rc6 c1=Q 65. Rxc1 Rxc1 66.
Ke2 Rc2+ 67. Kf1 Kf3 68. Kg1 Ra2 69. Kh1 Kg3 70. Kg1 Ra1# 0-1

[Event "XXVII OOM - Mistrzostwa Polski Juniorow Mlodszych - Dziewczeta do lat 14"]
[Site "ApartHotel Termy Uniejow, ul. Termalna 1, 99-210 Uniejow"]
[Date "1899-12-30"]
[Round "2.1"]
[White "Niedorys, Karolina"]
[Black "Pawicka, Magdalena"]
[Result "0-1"]
[WhiteTitle "I"]
[BlackTitle "k+"]
[WhiteElo "1413"]
[BlackElo "1816"]

1. e4 c5 2. Nf3 Nf6 3. Nc3 d5 4. exd5 Nxd5 5. Nxd5 Qxd5 6. d4 Bg4 7. Be2 cxd4 8.
Qxd4 Qxd4 9. Nxd4 Bxe2 10. Kxe2 a6 11. Be3 g6 12. c3 Bg7 13. Rad1 Nd7 14. Nb3
O-O-O 15. Nc5 Nf6 16. Na4 Nd7 17. Nb6+ Nxb6 18. Bxb6 Rd7 19. Rxd7 Kxd7 20. Rd1+
Kc6 21. Bd4 e5 22. Be3 f5 23. g3 Re8 24. Kf3 b5 25. a3 Bf6 26. h4 a5 27. Bg5 Bg7
28. Bd8 a4 29. Ba5 Bf6 30. Bb4 Rd8 31. Rxd8 Bxd8 32. Ke2 Kd5 33. Bf8 Kc4 34. Bd6
e4 35. Be5 Kb3 36. c4 Kxc4 37. Bc3 Bb6 38. Bf6 Bd4 39. Be7 Bxb2 40. f3 exf3+ 41.
Kxf3 Kb3 42. Kf4 Bxa3 43. Bf6 Bb2 44. Kg5 Bxf6+ 45. Kxf6 a3 46. Kg7 a2 47. Kxh7
a1=Q 48. Kxg6 Qc3 0-1

[Event "XXVII OOM - Mistrzostwa Polski Juniorow Mlodszych - Dziewczeta do lat 14"]
[Site "ApartHotel Termy Uniejow, ul. Termalna 1, 99-210 Uniejow"]
[Date "1899-12-30"]
[Round "2.2"]
[White "Pietryk, Joanna"]
[Black "Tokarz, Izabela"]
[Result "0-1"]
[WhiteTitle "I"]
[BlackTitle "I++"]
[WhiteElo "1385"]
[BlackElo "1681"]

1. e4 c5 2. Nf3 Nc6 3. d4 cxd4 4. Nxd4 e5 5. Nb5 d6 6. N1c3 a6 7. Na3 b5 8. Nd5
Nf6 9. Bg5 Be7 10. Bxf6 Bxf6 11. c4 b4 12. Nc2 a5 13. Qf3 Be7 14. Rd1 Be6 15.
g3 O-O 16. Qd3 Rc8 17. b3 Kh8 18. Bg2 f5 19. Nxe7 Qxe7 20. Qxd6 Qf6 21. Qd2 fxe4
22. O-O Bg4 23. Rde1 Bf3 24. Re3 Rcd8 25. Qc1 Nd4 26. Kh1 Qf5 27. Ne1 Be2 28.
Bxe4 Qh5 29. Rg1 Rxf2 30. Rg2 Rf1+ 31. Rg1 Rdf8 32. Bg2 Rxg1+ 33. Kxg1 Qf5 34.
Qd2 Bf1 35. Nd3 Bxg2 36. Qxg2 Nc2 37. Re2 Qxd3 38. Rxc2 Qd1+ 39. Re2 0-1

[Event "XXVII OOM - Mistrzostwa Polski Juniorow Mlodszych - Dziewczeta do lat 14"]
[Site "ApartHotel Termy Uniejow, ul. Termalna 1, 99-210 Uniejow"]
[Date "1899-12-30"]
[Round "2.3"]
[White "Lazniewska, Zofia"]
[Black "Nowak, Zuzanna"]
[Result "1-0"]
[WhiteTitle "I+"]
[BlackTitle "I"]
[WhiteElo "1625"]
[BlackElo "1353"]

1. e4 e5 2. Nf3 Nc6 3. Nc3 Nf6 4. Bb5 Bb4 5. O-O O-O 6. d3 d6 7. Ne2 Bg4 8. Bxc6
bxc6 9. Ng3 Kh8 10. h3 Be6 11. c3 Ba5 12. Ng5 Bd7 13. Be3 h6 14. Nf3 Ng8 15. d4
exd4 16. Nxd4 Ne7 17. Qh5 Bb6 18. Bxh6 Bxd4 19. Be3+ Kg8 20. Bxd4 c5 21. Be3 Ng6
22. f4 Bb5 23. Rf2 Re8 24. Rd1 Qe7 25. Re1 Qf8 26. b4 Bd3 27. bxc5 Bxe4 28. f5
Nh8 29. Qg4 Bd5 30. c4 Bc6 31. cxd6 cxd6 32. Rfe2 f6 33. Bd4 Rxe2 34. Rxe2 Bd7
35. Nh5 Kf7 36. Nf4 g6 37. fxg6+ 1-0

[Event "XXVII OOM - Mistrzostwa Polski Juniorow Mlodszych - Dziewczeta do lat 14"]
[Site "ApartHotel Termy Uniejow, ul. Termalna 1, 99-210 Uniejow"]
[Date "1899-12-30"]
[Round "2.4"]
[White "Giemza, Julia"]
[Black "Janikowska, Wiktoria"]
[Result "0-1"]
[WhiteTitle "I"]
[BlackTitle "I+"]
[WhiteElo "1375"]
[BlackElo "1610"]

1. e4 c6 2. Nf3 d5 3. Nc3 Nf6 4. exd5 cxd5 5. Bb5+ Bd7 6. O-O a6 7. Bxd7+ Nbxd7
8. d4 e6 9. Bf4 Be7 10. h3 O-O 11. Ne2 Ne4 12. Qd3 Rc8 13. Rac1 Qa5 14. a3 Qb6
15. c4 Qxb2 16. c5 Qb5 17. Qxb5 axb5 18. Rb1 b6 19. cxb6 Nxb6 20. Rxb5 Na4 21.
Ra5 Nac3 22. Nxc3 Nxc3 23. Re1 Ra8 24. Rxa8 Rxa8 25. Kf1 Rxa3 26. Rc1 h6 27. Ne5
Rb3 28. Nc6 Bg5 29. Bxg5 hxg5 30. Na5 Rb1 31. Rxb1 Nxb1 32. Ke2 Nc3+ 33. Ke3 f6
34. Nb3 Kf7 35. f3 Nb5 36. Kd3 Nd6 37. Ke3 Nf5+ 38. Kf2 e5 39. dxe5 fxe5 40. Nc5
Nd6 41. Ke3 Nf5+ 42. Ke2 Nh4 43. Kf2 Kf6 44. Kf1 Ke7 45. Kf2 Nf5 46. Ke2 Kd6 47.
Nd3 e4 48. fxe4 dxe4 49. Nf2 Ke5 50. Nh1 Kf4 51. Kf2 e3+ 52. Ke2 Ng3+ 53. Nxg3
Kxg3 54. Kxe3 Kxg2 55. Kd4 0-1

[Event "XXVII OOM - Mistrzostwa Polski Juniorow Mlodszych - Dziewczeta do lat 14"]
[Site "ApartHotel Termy Uniejow, ul. Termalna 1, 99-210 Uniejow"]
[Date "1899-12-30"]
[Round "2.5"]
[White "Romejko, Jagoda"]
[Black "Oborska, Magda"]
[Result "0-1"]
[WhiteTitle "I"]
[BlackTitle "I++"]
[WhiteElo "1350"]
[BlackElo "1537"]

1. e4 e5 2. Nf3 Nc6 3. d4 exd4 4. Bc4 Nf6 5. e5 d5 6. Bb5 Ne4 7. Nxd4 Bd7 8. Bxc6
bxc6 9. O-O Be7 10. Nd2 Nc5 11. Re1 O-O 12. Nf1 Nb7 13. c3 c5 14. Nf3 c6 15. Ng3
h6 16. Qc2 Bg4 17. Qe2 d4 18. Qe4 Qd7 19. e6 Bxf3 20. gxf3 Qxe6 21. Qxe6 fxe6
22. Rxe6 Rae8 23. cxd4 Nd8 24. Re4 cxd4 25. Rxd4 Rxf3 26. Re4 Nb7 27. Be3 Nd6
28. Ra4 Nb5 29. Rc1 Rc8 30. Bxa7 Bf6 31. Rc2 Ra8 32. Rxc6 Rxa7 33. Rc8+ Kh7 34.
Rb4 Nd6 35. Rc6 Nf7 36. a3 Ne5 37. Rc2 Nd3 38. Rb3 Ne1 39. Rxf3 Nxc2 40. Rb3 Rd7
41. Rb8 Rd1+ 42. Kg2 Ne1+ 43. Kh3 Nd3 44. b4 Nxf2+ 45. Kg2 Nd3 46. b5 Ra1 47.
Ra8 Rb1 48. a4 Rb4 49. Nf5 Nc5 50. a5 Rxb5 51. Nd6 Rb2+ 52. Kh3 Be5 53. Nc4 Rxh2+
54. Kg4 Bf6 55. Kf5 Rh5+ 56. Kg4 Rh4+ 57. Kf5 Rxc4 58. Rc8 g6+ 59. Kxf6 Nd7+ 60.
Ke7 Rxc8 0-1

[Event "XXVII OOM - Mistrzostwa Polski Juniorow Mlodszych - Dziewczeta do lat 14"]
[Site "ApartHotel Termy Uniejow, ul. Termalna 1, 99-210 Uniejow"]
[Date "1899-12-30"]
[Round "2.6"]
[White "Slusarczyk, Anna"]
[Black "Zalewska, Malgorzata"]
[Result "0-1"]
[WhiteTitle "I+"]
[BlackTitle "I"]
[WhiteElo "1464"]
[BlackElo "1328"]

1. Nf3 Nf6 2. b3 d5 3. d4 c5 4. e3 cxd4 5. exd4 Bg4 6. Be2 Nc6 7. h3 Bh5 8. O-O
e6 9. Bb2 Bd6 10. Nbd2 O-O 11. a3 Qc7 12. Ne5 Nxd4 13. Bxh5 Bxe5 14. Bxd4 Bxd4
15. Ra2 Qf4 16. Be2 Bb6 17. c3 e5 18. Nf3 Bc7 19. g3 Qf5 20. Kg2 Rad8 21. Rc2
Rfe8 22. Qc1 Rc8 23. Bb5 Red8 24. b4 Bb6 25. Nh4 Qe6 26. Re1 d4 27. c4 a6 28.
c5 axb5 29. cxb6 Rxc2 30. Qxc2 Rc8 31. Qe2 Qd5+ 32. f3 d3 33. Qd1 Rc2+ 34. Kh1
Qa2 35. Rf1 d2 36. f4 Rc1 37. Qxc1 dxc1=Q 38. Rxc1 h6 39. fxe5 Qd5+ 40. Ng2 Qxe5
41. Kh2 Ne4 42. Rc8+ Kh7 43. Nf4 g5 44. Nh5 Kg6 0-1

[Event "XXVII OOM - Mistrzostwa Polski Juniorow Mlodszych - Dziewczeta do lat 14"]
[Site "ApartHotel Termy Uniejow, ul. Termalna 1, 99-210 Uniejow"]
[Date "1899-12-30"]
[Round "2.7"]
[White "Walentyn, Zuzanna"]
[Black "Kawa, Anna"]
[Result "1/2-1/2"]
[WhiteTitle "II"]
[BlackTitle "I"]
[WhiteElo "1297"]
[BlackElo "1440"]

1. d4 d5 2. c4 e6 3. Nc3 a6 4. cxd5 exd5 5. Nf3 c6 6. Bg5 Be7 7. Bxe7 Nxe7 8. e3
Bf5 9. Bd3 Bg6 10. Bxg6 Nxg6 11. O-O Nd7 12. Na4 O-O 13. a3 Re8 14. b4 Qc7 15.
Nc5 Nf6 16. Nd2 Ne7 17. Rb1 Nc8 18. a4 Nd6 19. Nf3 Nfe4 20. Nxe4 Nxe4 21. Qc2
Re6 22. b5 axb5 23. axb5 Rh6 24. h3 Re8 25. Ne5 c5 26. f3 Ng3 27. Rfc1 c4 28.
e4 Qb6 29. Qf2 Qxd4 30. Qxd4 Ne2+ 31. Kf1 Nxd4 32. Ng4 Rd6 33. exd5 Rxd5 34. Rxc4
Rxb5 35. Rxb5 Nxb5 36. Rb4 Nd6 37. Nf2 g6 38. Rb6 Nf5 39. Rxb7 Ng3+ 40. Kg1 h5
41. Rb1 Kg7 42. Ra1 Kh6 43. Kh2 Nf5 44. Ne4 Re6 45. Ra7 Re7 1/2-1/2

[Event "XXVII OOM - Mistrzostwa Polski Juniorow Mlodszych - Dziewczeta do lat 14"]
[Site "ApartHotel Termy Uniejow, ul. Termalna 1, 99-210 Uniejow"]
[Date "1899-12-30"]
[Round "2.8"]
[White "Kaczmarek, Paulina"]
[Black "Sprzeczka, Emilia"]
[Result "0-1"]
[WhiteTitle "II+"]
[BlackTitle "I"]
[WhiteElo "1029"]
[BlackElo "1431"]

1. e4 e5 2. Nf3 Nc6 3. d4 exd4 4. Bc4 Bc5 5. O-O d6 6. c3 Bg4 7. Bb5 Qf6 8. Qd3
Bxf3 9. gxf3 Nge7 10. Kh1 a6 11. Bxc6+ Nxc6 12. f4 O-O-O 13. Qg3 Rde8 14. Re1
d5 15. Qd3 dxe4 16. Rxe4 Rxe4 17. Qxe4 dxc3 18. Nxc3 Bxf2 19. Kg2 Bd4 20. Bd2
Qh4 21. Qf5+ Kb8 22. Be1 Qe7 23. Kf3 Re8 24. Nd5 Qe2+ 25. Kg3 Ne7 26. Qxf7 Nxd5
27. Qxd5 Re3+ 28. Kh4 Qxh2+ 29. Kg4 Qh3+ 30. Kg5 Bf6# 0-1

[Event "XXVII OOM - Mistrzostwa Polski Juniorow Mlodszych - Dziewczeta do lat 14"]
[Site "ApartHotel Termy Uniejow, ul. Termalna 1, 99-210 Uniejow"]
[Date "1899-12-30"]
[Round "2.9"]
[White "Nieckarz, Maja"]
[Black "Gladyszewska, Kinga"]
[Result "0-1"]
[WhiteTitle "I"]
[BlackTitle "I"]
[WhiteElo "1430"]
[BlackElo "1293"]

1. e4 e5 2. Nf3 Nc6 3. d4 exd4 4. Nxd4 Bc5 5. Be3 Qf6 6. Nb5 Bxe3 7. fxe3 Qh4+
8. g3 Qd8 9. Qg4 Nf6 10. Qxg7 Rg8 11. Qh6 Rg6 12. Qf4 d6 13. N1c3 a6 14. Nd4 Ne5
15. Be2 Bd7 16. O-O-O Bg4 17. Bxg4 Nexg4 18. h3 Ne5 19. Nf5 Nh5 20. Qf2 Nf6 21.
Rhf1 Qd7 22. Ng7+ Rxg7 23. Qxf6 Rg8 24. Nd5 Qd8 25. Nxc7+ Qxc7 26. Rxd6 Qe7 27.
Qh6 Rxg3 28. Qxh7 Qxd6 29. Qh8+ Ke7 30. Qxa8 Qc6 31. Qh8 Ng6 32. Qd4 Rxh3 33.
Qb4+ Ke8 34. Qb3 Qd7 35. Rd1 Qc6 36. Qd3 Qc7 37. e5 Nxe5 38. Rg1 Nxd3+ 39. Kb1
Nb4 40. Rg8+ Ke7 41. a3 Rh1+ 42. Rg1 Rxg1# 0-1

[Event "XXVII OOM - Mistrzostwa Polski Juniorow Mlodszych - Dziewczeta do lat 14"]
[Site "ApartHotel Termy Uniejow, ul. Termalna 1, 99-210 Uniejow"]
[Date "1899-12-30"]
[Round "2.10"]
[White "Szczotka, Klara"]
[Black "Leks, Emilia"]
[Result "1-0"]
[WhiteTitle "k+"]
[BlackTitle "II+"]
[WhiteElo "1916"]
[BlackElo "1213"]

1. e4 c6 2. d4 d5 3. Nd2 dxe4 4. Nxe4 Bf5 5. Ng3 Bg6 6. N1e2 Nd7 7. Nf4 e6 8. h4
h6 9. Nxg6 fxg6 10. Qg4 Qf6 11. Bc4 O-O-O 12. O-O Re8 13. Re1 h5 14. Qe4 Bd6 15.
Bg5 Qf8 16. Qxg6 e5 17. Nf5 Bc7 18. Nxg7 Re7 19. Bxe7 Nxe7 20. Qg5 Bd6 21. dxe5
Nxe5 22. Rxe5 Bxe5 23. Qxe5 Nd5 24. Ne6 Qg8 25. Bxd5 cxd5 26. Qc7# 1-0

[Event "XXVII OOM - Mistrzostwa Polski Juniorow Mlodszych - Dziewczeta do lat 14"]
[Site "ApartHotel Termy Uniejow, ul. Termalna 1, 99-210 Uniejow"]
[Date "1899-12-30"]
[Round "2.11"]
[White "Seemann, Pola"]
[Black "Predkiewicz, Paulina"]
[Result "1-0"]
[WhiteTitle "I++"]
[BlackTitle "I"]
[WhiteElo "1607"]
[BlackElo "1344"]

1. e4 e5 2. Nc3 Nc6 3. f4 exf4 4. Nf3 Bb4 5. d4 d5 6. e5 Nge7 7. Bxf4 Ng6 8. Bg5
Nce7 9. Be2 O-O 10. O-O h6 11. Bxe7 Nxe7 12. a3 Ba5 13. b4 Bb6 14. Na4 Bg4 15.
Qd2 Rc8 16. Nxb6 axb6 17. h3 Bxf3 18. Rxf3 c5 19. c3 c4 20. Bd1 b5 21. Bc2 Ra8
22. Bb1 Ra6 23. Qc1 Qb6 24. Ra2 Ng6 25. Raf2 Qa7 26. Qf1 Nh8 27. Qe1 Re8 28. Qc1
Re7 29. Rg3 Ree6 30. Bf5 Re7 31. Qf4 Qb8 32. Qg4 Ng6 33. e6 fxe6 34. Bxg6 Qc7
35. Rgf3 Ra8 36. Bf7+ Rxf7 37. Rxf7 Qxf7 38. Rxf7 Kxf7 39. Qf4+ Kg8 40. Qe5 Ra6
41. Qb8+ Kh7 42. Qxb7 Rxa3 43. Qxb5 Rxc3 44. Qc5 Rc1+ 45. Kh2 Rb1 46. b5 c3 47.
Qxc3 Rxb5 48. Qd3+ Kh8 49. Qxb5 e5 50. dxe5 1-0

[Event "XXVII OOM - Mistrzostwa Polski Juniorow Mlodszych - Dziewczeta do lat 14"]
[Site "ApartHotel Termy Uniejow, ul. Termalna 1, 99-210 Uniejow"]
[Date "1899-12-30"]
[Round "2.12"]
[White "Salamon, Julia"]
[Black "Staniewicz, Adrianna"]
[Result "0-1"]
[WhiteTitle "I++"]
[BlackTitle "WCM"]
[WhiteElo "1504"]
[BlackElo "1301"]

1. d4 Nf6 2. c4 e6 3. Nc3 Bb4 4. Nf3 Bxc3+ 5. bxc3 b6 6. e3 Ne4 7. Qc2 f5 8. Bd3
Bb7 9. O-O O-O 10. Nd2 Nf6 11. e4 fxe4 12. Nxe4 Nxe4 13. Bxe4 Bxe4 14. Qxe4 Nc6
15. Qg4 Qf6 16. Be3 Qf5 17. Qe2 Rae8 18. f4 Na5 19. Rab1 d5 20. cxd5 exd5 21.
Rbe1 Nc4 22. Qf3 Re4 23. g3 Rfe8 24. g4 Qd7 25. Bf2 Nd2 26. Qg3 Nxf1 27. Rxf1
Qd6 28. f5 Qxg3+ 29. Bxg3 Rxg4 30. f6 Rf8 31. fxg7 Rxf1+ 32. Kxf1 Rxg7 33. Be5
Rf7+ 34. Ke2 b5 35. a3 h6 36. Bg3 Kg7 37. Be5+ Kg6 38. h3 Kh5 39. Bg3 Kg5 40.
Ke3 Kf5 41. Kf3 Kg5+ 42. Ke3 h5 43. Ke2 c6 44. Ke3 Rf1 45. Ke2 Rh1 46. h4+ Kg4
47. Bb8 a6 48. Bd6 Rxh4 49. Kf2 Rh3 50. Bb4 h4 51. Kg2 Rd3 52. Kh2 h3 53. Kg1
Rd2 54. Kh1 Rc2 55. Ba5 h2 56. Bc7 Kh3 0-1

[Event "XXVII OOM - Mistrzostwa Polski Juniorow Mlodszych - Dziewczeta do lat 14"]
[Site "ApartHotel Termy Uniejow, ul. Termalna 1, 99-210 Uniejow"]
[Date "1899-12-30"]
[Round "2.13"]
[White "Bandyk, Joanna"]
[Black "Pudelko, Magdalena"]
[Result "1-0"]
[WhiteTitle "I"]
[BlackTitle "I++"]
[WhiteElo "1186"]
[BlackElo "1477"]

1. e4 c6 2. d3 d5 3. Nd2 e5 4. Ngf3 Bd6 5. g3 Bg4 6. Bg2 Nf6 7. O-O O-O 8. h3 Bh5
9. g4 Bg6 10. Re1 Re8 11. Nh4 dxe4 12. Nxg6 hxg6 13. dxe4 Na6 14. Nc4 Bc5 15.
Bg5 Nb4 16. Re2 Qc7 17. a3 Na6 18. Qd3 b5 19. Nd2 Nh7 20. Nf3 Rac8 21. Bh4 Bb6
22. b4 Nf6 23. Nd2 Rcd8 24. Qf3 Re6 25. Rb1 Red6 26. Qc3 Bd4 27. Qf3 Qd7 28. Nb3
Bb6 29. Kh2 Nc7 30. Bg3 Qe7 31. Bh4 Ne6 32. Bg3 Bd4 33. Rd2 Ng5 34. Qe2 Kh7 35.
Rbd1 Ne6 36. Qf3 Ng5 37. Qe2 Bb2 38. Rxd6 Rxd6 39. Rxd6 Qxd6 40. Nc5 Bd4 41. Nb3
Ne6 42. Qd2 Qd7 43. g5 Bxf2 44. Bxf2 Qxd2 45. Nxd2 Nxg5 46. Bxa7 Kg8 47. c4 Kf8
48. cxb5 cxb5 49. Bf1 Ngxe4 50. Nxe4 Nxe4 51. Bxb5 Nc3 52. Bc5+ Kg8 53. a4 f5
54. Bc4+ Kh7 55. a5 f4 56. a6 e4 57. a7 e3 58. a8=Q e2 59. Qg8+ Kh6 60. Qh8+ Kg5
61. Be7+ Kf5 62. Qc8+ Ke4 63. Qc6+ Ke3 64. Bxe2 Nxe2 65. b5 f3 66. Bc5+ Nd4 67.
Bxd4+ Kxd4 68. Qxf3 1-0

[Event "XXVII OOM - Mistrzostwa Polski Juniorow Mlodszych - Dziewczeta do lat 14"]
[Site "ApartHotel Termy Uniejow, ul. Termalna 1, 99-210 Uniejow"]
[Date "1899-12-30"]
[Round "2.15"]
[White "Mitrega, Wiktoria"]
[Black "Pniewska, Beata"]
[Result "0-1"]
[WhiteTitle "I"]
[BlackTitle "I"]
[WhiteElo "1251"]
[BlackElo "1400"]

1. c4 c5 2. Nc3 g6 3. Nf3 Bg7 4. g3 Nc6 5. Bg2 Nf6 6. d3 O-O 7. O-O d6 8. Bg5 h6
9. Bxf6 Bxf6 10. Qd2 Bg7 11. Rab1 Bd7 12. Rfe1 Rc8 13. a3 b6 14. h4 Be6 15. Rec1
Qd7 16. b4 Bh3 17. Kh2 Bxg2 18. Kxg2 Qb7 19. b5 Nd4 20. Qe3 e6 21. Ne4 Nxf3 22.
Qxf3 Qe7 23. Nc3 f5 24. e3 Rf7 25. Ne2 Be5 26. Nf4 Qf6 27. Rc2 Rd7 28. Qe2 Re8
29. Rh1 h5 30. Rd1 d5 31. Nh3 d4 32. e4 f4 33. Qf3 Rf8 34. Ng5 Qe7 35. Qe2 Qd6
36. Nf3 Rdf7 37. Nxe5 Qxe5 38. Kh2 fxg3+ 39. fxg3 Rf3 40. Qg2 g5 41. hxg5 h4 42.
Kh1 Rxg3 43. Qh2 Rff3 44. Qe2 Rh3+ 0-1

[Event "XXVII OOM - Mistrzostwa Polski Juniorow Mlodszych - Dziewczeta do lat 14"]
[Site "ApartHotel Termy Uniejow, ul. Termalna 1, 99-210 Uniejow"]
[Date "1899-12-30"]
[Round "2.16"]
[White "Popczynska, Maja"]
[Black "Lewicka, Joanna"]
[Result "0-1"]
[WhiteTitle "I"]
[BlackTitle "I"]
[WhiteElo "1400"]
[BlackElo "1252"]

1. e4 e5 2. Nf3 Nc6 3. Bb5 Nf6 4. d4 Nxd4 5. Nxd4 exd4 6. Qxd4 c6 7. Bd3 Qb6 8.
Qe5+ Be7 9. O-O d6 10. Qg3 Nh5 11. Qf3 Qa5 12. Bd2 Qe5 13. Re1 O-O 14. Bc3 Qg5
15. e5 Bg4 16. Qe4 g6 17. Bd2 Qf5 18. Qd4 Qd7 19. exd6 Bxd6 20. Bc3 f6 21. Bc4+
Kh8 22. h3 Bf5 23. g4 b5 24. Bb3 b4 25. gxf5 bxc3 26. bxc3 gxf5 27. Nd2 Nf4 28.
Re3 Qg7+ 29. Rg3 Ne2+ 30. Kf1 Nxg3+ 31. fxg3 Qxg3 32. Qf2 Qxh3+ 33. Qg2 Qxc3 34.
Rd1 Qg3 35. Qxc6 Rae8 36. Nf3 Qh3+ 37. Kg1 Re2 38. Rd2 Qg2# 0-1

[Event "XXVII OOM - Mistrzostwa Polski Juniorow Mlodszych - Dziewczeta do lat 14"]
[Site "ApartHotel Termy Uniejow, ul. Termalna 1, 99-210 Uniejow"]
[Date "1899-12-30"]
[Round "2.17"]
[White "Szopa, Emilia"]
[Black "Gac-mytych, Sara"]
[Result "1-0"]
[WhiteTitle "I++"]
[BlackTitle "II"]
[WhiteElo "1699"]
[BlackElo "1125"]

1. e4 e5 2. Nf3 Nc6 3. Bc4 Bc5 4. O-O Nf6 5. d3 h6 6. Nbd2 d6 7. c3 Bg4 8. Re1
O-O 9. h3 Be6 10. Bb3 Re8 11. Nf1 a6 12. Ng3 Qd7 13. Be3 Ba7 14. Kh2 d5 15. Bxa7
Rxa7 16. Nh4 dxe4 17. dxe4 Qxd1 18. Raxd1 Bxb3 19. axb3 g6 20. Nf3 Raa8 21. Nd2
Rad8 22. Nc4 b5 23. Ne3 h5 24. Nd5 Nxd5 25. exd5 Na5 26. Ne4 Kg7 27. Nc5 Ra8 28.
Ra1 Nxb3 29. Nxb3 Rad8 30. Red1 Rd6 31. Nc5 Ra8 32. b4 g5 33. Ne4 Rg6 34. d6 cxd6
35. Nxd6 g4 36. Nxb5 gxh3 37. gxh3 Kh7 38. Rd6 axb5 39. Rxg6 Rxa1 40. Rb6 Ra2
41. Rxb5 Rxf2+ 42. Kg3 Rf5 43. c4 Kg6 44. c5 e4 45. c6 Rf3+ 46. Kg2 Rc3 47. Rc5
Rxc5 48. bxc5 e3 49. c7 e2 50. Kf2 1-0

[Event "XXVII OOM - Mistrzostwa Polski Juniorow Mlodszych - Dziewczeta do lat 14"]
[Site "ApartHotel Termy Uniejow, ul. Termalna 1, 99-210 Uniejow"]
[Date "1899-12-30"]
[Round "2.18"]
[White "Peksa, Zuzanna"]
[Black "Ziobrowska, Maja"]
[Result "1/2-1/2"]
[WhiteTitle "I"]
[BlackTitle "I++"]
[WhiteElo "1231"]
[BlackElo "1601"]

1. e4 e5 2. Nf3 Nc6 3. Bc4 Bc5 4. c3 Nf6 5. d4 exd4 6. e5 d5 7. Bb5 Ne4 8. cxd4
Bb6 9. O-O O-O 10. Bxc6 bxc6 11. h3 f6 12. Nc3 Bf5 13. Be3 Nxc3 14. bxc3 Be4 15.
exf6 Bxf3 16. Qxf3 Rxf6 17. Qh5 Qd7 18. Rfe1 Re8 19. Bg5 Rfe6 20. Re3 c5 21. Qg4
cxd4 22. cxd4 Qf7 23. Rae1 Rxe3 24. Rxe3 Rxe3 25. fxe3 Qe8 26. Qf5 c6 27. Bf4
g6 28. Qf6 Bd8 29. Qd6 Kf7 30. Qb8 Qd7 31. Kf2 Bh4+ 32. g3 Bf6 33. Qc7 Qxc7 34.
Bxc7 Ke6 35. Kf3 h5 36. g4 a6 37. Bb6 Be7 38. e4 dxe4+ 39. Kxe4 hxg4 1/2-1/2